Normal view MARC view

Entry Personal Name

Number of records used in: 1

001 - CONTROL NUMBER

  • control field: 9793

003 - CONTROL NUMBER IDENTIFIER

  • control field: DLC

005 - DATE AND TIME OF LATEST TRANSACTION

  • control field: 20231028135013.0

008 - FIXED-LENGTH DATA ELEMENTS

  • fixed length control field: 170607n| azannaabn |a aaa

010 ## - LIBRARY OF CONGRESS CONTROL NUMBER

  • LC control number: n 2017242449

040 ## - CATALOGING SOURCE

  • Original cataloging agency: DLC
  • Language of cataloging: eng
  • Description conventions: rda
  • Transcribing agency: DLC
  • Modifying agency: DLC

046 ## - SPECIAL CODED DATES

  • Birth date: 1980-05-10
  • Source of date scheme: edtf

100 1# - HEADING--PERSONAL NAME

  • Personal name: Dāsan, Ajīṣ,
  • Dates associated with a name: 1980-

370 ## - ASSOCIATED PLACE

  • Place of birth: Vaikam (India)
  • Source of term: naf

372 ## - FIELD OF ACTIVITY

  • Field of activity: Poetry
  • Source of term: lcsh

374 ## - OCCUPATION

  • Occupation: Poets
  • Source of term: lcdgt

377 ## - ASSOCIATED LANGUAGE

  • Language code: mal

400 0# - SEE FROM TRACING--PERSONAL NAME

  • Personal name: Ajīs Dāsan,
  • Dates associated with a name: 1980-

400 1# - SEE FROM TRACING--PERSONAL NAME

  • Personal name: Dasan, Ajeesh,
  • Dates associated with a name: 1980-

400 0# - SEE FROM TRACING--PERSONAL NAME

  • Personal name: Ajeesh Dasan,
  • Dates associated with a name: 1980-

670 ## - SOURCE DATA FOUND

  • Source citation: Kōṭṭayaṃ Kr̲istuvuṃ mat̲t̲u kavitakaḷuṃ, August 2016:
  • Information found: t.p. (Ajīṣ Dāsan) t.p. verso (Ajeesh Dasan) p. facing t.p. (born May 10, 1980 in Vaikkam, Kerala, India; Malayalam poet and motion picture lyricist)

Powered by Koha